000 00785nac a22002291u 4500
008 090225t xxu||||| |||| 00| 0 eng d
020 _a013602147
020 _a9781405840798
082 _a346.4207
_bMAC
100 _aMacIntyre, Ewan.
_98045
245 _aEssentials of Business Law /
_cEwan MacIntyre.
260 _aHarlow :
_bPearson Longman,
_cc2007.
300 _axxxiii, 464 p. :
_bill. ;
_c25 cm.
500 _aDistributer: Baccah.
500 _aFormerly CIP. Uk
504 _aIncludes index.
511 _aCatalogued By: Mahitab.
650 _aBusiness law -- England.
_98046
650 _aBusiness law -- Wales.
_98047
655 _92183
_aBusiness Law Prep.
_xBusiness, Economics and Political Science
_ySemester 2. 2008/2009
942 _cTB
_k346.4207 MAC
_2ddc
999 _c8602
_d8602